[Event "Int. Stuttgarter Stadtmeisterschaft C"]
[Site "Ditzingen"]
[Date "2012.05.19"]
[Round "6.15"]
[White "Hauger, Albrecht"]
[Black "Steller, Kilian"]
[Result "0-1"]
[WhiteElo "993"]
[BlackElo "782"]
[PlyCount "84"]
[EventDate "2012.??.??"]
[WhiteTeam "SC Schachmatt Botnang"]
[BlackTeam "TSF Ditzingen"]

1. d4 Nf6 2. c4 g6 3. Nf3 Bg7 4. Nc3 O-O 5. Bf4 d6 6. e4 c5 7. Qd2 cxd4 8. Nxd4
e5 9. Be3 exd4 10. Bxd4 Nc6 11. Be3 Be6 12. Bf4 Ne5 13. b3 Nh5 14. Be3 Ng4 15.
Bd4 Bxd4 16. Qxd4 Qf6 17. Qxf6 Nhxf6 18. f3 Ne3 19. Kf2 Nxf1 20. Rhxf1 Nh5 21.
Rad1 Rfd8 22. Nb5 b6 23. Rxd6 Rxd6 24. Nxd6 Rd8 25. Rd1 Kf8 26. e5 f6 27. exf6
Nxf6 28. Rd4 Ke7 29. Nf5+ Bxf5 30. Rxd8 Kxd8 31. g3 Bb1 32. a3 Bc2 33. b4 Bd3
34. f4 Bxc4 35. h3 a5 36. bxa5 bxa5 37. Ke3 Kc7 38. Kd4 Bf1 39. Ke5 Nd7+ 40.
Ke6 Bxh3+ 41. Kf7 Bf5 42. Kg7 h5 0-1

[Event "Int. Stuttgarter Stadtmeisterschaft C"]
[Site "Ditzingen"]
[Date "2012.05.19"]
[Round "6.16"]
[White "Spasovski, Dusan"]
[Black "Zeller, Fabian"]
[Result "1-0"]
[WhiteElo "1038"]
[BlackElo "905"]
[PlyCount "38"]
[EventDate "2012.??.??"]
[WhiteTeam "VfL Sindelfingen"]
[BlackTeam "TV Zazenhausen"]

1. e4 e5 2. Nf3 Nc6 3. Bb5 d6 4. d4 Bd7 5. d5 Nce7 6. Bxd7+ Qxd7 7. O-O Nf6 8.
Nc3 Qg4 9. Nb5 c6 10. Nxd6+ Kd7 11. Nxf7 Qh5 12. Nxh8 Nxe4 13. dxc6+ Kxc6 14.
Qd3 Qf5 15. Nf7 Ng6 16. Nd8+ Kc7 17. Ne6+ Kc6 18. Qc4+ Bc5 19. Nxc5 Nxc5 1-0

[Event "Int. Stuttgarter Stadtmeisterschaft C"]
[Site "Ditzingen"]
[Date "2012.05.19"]
[Round "6.17"]
[White "Zacke, Tamara"]
[Black "Günther, Niclas"]
[Result "0-1"]
[WhiteElo "982"]
[BlackElo "762"]
[PlyCount "68"]
[EventDate "2012.??.??"]
[WhiteTeam "SV Stuttgart-Wolfbusch 1956 e.V."]
[BlackTeam "SF Freiberg"]

1. e4 e5 2. Nf3 Nc6 3. Bb5 a6 4. Bxc6 dxc6 5. Nxe5 Qd4 6. Nf3 Qxe4+ 7. Qe2
Qxe2+ 8. Kxe2 Bd6 9. d3 Ne7 10. Ng5 O-O 11. Ne4 Bf5 12. Bg5 f6 13. Nxd6 cxd6
14. Bf4 Rfe8 15. Re1 Nd5+ 16. Kf1 Rxe1+ 17. Kxe1 Nxf4 18. Nc3 Nxg2+ 19. Kf1 Bh3
20. Kg1 Re8 21. Ne4 d5 22. Kf1 Ne3+ 23. Ke2 Nxc2 24. Rc1 Nd4+ 25. Ke3 Nf5+ 26.
Kf4 dxe4 27. dxe4 g5+ 28. Kf3 Nd6 29. Rd1 Nxe4 30. Ke3 Nc3+ 31. Kd2 Nxd1 32.
Kxd1 b5 33. Kc2 Be6 34. Kc3 Bxa2 0-1

[Event "Int. Stuttgarter Stadtmeisterschaft C"]
[Site "Ditzingen"]
[Date "2012.05.19"]
[Round "6.21"]
[White "Reichardt, Julius"]
[Black "Mackeprang, Jelena"]
[Result "1-0"]
[WhiteElo "885"]
[BlackElo "949"]
[PlyCount "75"]
[EventDate "2012.??.??"]
[WhiteTeam "SF Markgräflerland e."]
[BlackTeam "SK Schmiden/Cannstatt"]

1. c4 e5 2. Nc3 Nf6 3. d3 d5 4. cxd5 Nxd5 5. Nxd5 Qxd5 6. e4 Qd8 7. Nf3 Bg4 8.
Qa4+ c6 9. Nxe5 b5 10. Qc2 Be6 11. Be2 Bd6 12. Bf4 Qa5+ 13. Bd2 b4 14. Nc4 Bxc4
15. Qxc4 Qe5 16. Bxb4 Qxb2 17. Bc3 Qb7 18. Bxg7 Rg8 19. Bf6 Bb4+ 20. Bc3 Bxc3+
21. Qxc3 Nd7 22. O-O Qc8 23. Bh5 Qb7 24. Rab1 Qc7 25. Qb3 Ne5 26. Qe6+ Qe7 27.
Bxf7+ Nxf7 28. Qxc6+ Kf8 29. Qxa8+ Nd8 30. Rb8 Kg7 31. Rfb1 Kh8 32. R1b7 Qg5
33. g3 h5 34. h4 Qf6 35. e5 Qf8 36. Rxa7 Qe8 37. d4 Rf8 38. a4 1-0

[Event "Int. Stuttgarter Stadtmeisterschaft C"]
[Site "Ditzingen"]
[Date "2012.05.19"]
[Round "6.22"]
[White "Spasovski, Marko"]
[Black "König, Anja"]
[Result "1-0"]
[WhiteElo "767"]
[BlackElo "934"]
[PlyCount "175"]
[EventDate "2012.??.??"]
[WhiteTeam "VfL Sindelfingen"]
[BlackTeam "SC Grunbach"]

1. e4 e6 2. Nf3 d5 3. Nc3 dxe4 4. Nxe4 Nf6 5. Nxf6+ Qxf6 6. d4 c5 7. c3 cxd4 8.
cxd4 Nc6 9. Bb5 Bd7 10. Bg5 Qf5 11. Bxc6 Bxc6 12. h3 h6 13. Be3 Bb4+ 14. Bd2
Qe4+ 15. Qe2 Bxd2+ 16. Nxd2 Qxg2 17. Rf1 a6 18. Qg4 h5 19. Qxg2 Bxg2 20. Rg1
Bxh3 21. Rxg7 Bg4 22. Rc1 Kf8 23. Rg5 f5 24. Rc7 Rg8 25. Rxg8+ Kxg8 26. Rxb7
Rc8 27. f3 Rc1+ 28. Ke2 Bh3 29. Re7 h4 30. Rxe6 Bg2 31. Rg6+ Kf7 32. Rxg2 Rc2
33. Rh2 Rxb2 34. a4 Ra2 35. Rxh4 Rxa4 36. Rh7+ Ke6 37. Rh6+ Kd5 38. Nb3 Ra2+
39. Kf1 Ra3 40. Nd2 Kxd4 41. Ke2 Ra2 42. Rh5 f4 43. Rh4 Ke5 44. Kd3 Ra3+ 45.
Ke2 Ra2 46. Kd3 Ra3+ 47. Kc4 Ra4+ 48. Kc5 Ra5+ 49. Kb6 Ra2 50. Nc4+ Kf5 51.
Rh5+ Kf6 52. Ra5 Rxa5 53. Kxa5 Kg5 54. Kxa6 Kh4 55. Nd2 Kg3 56. Kb5 Kf2 57. Kc4
Ke3 58. Kc3 Ke2 59. Kd4 Kxd2 60. Ke4 Kc3 61. Kxf4 Kd4 62. Kg5 Ke3 63. f4 Ke4
64. f5 Ke5 65. f6 Ke6 66. Kg6 Kd7 67. f7 Ke7 68. Kg7 Kd6 69. f8=Q+ Kd5 70. Qe7
Kd4 71. Qe6 Kc5 72. Kf7 Kd4 73. Kf6 Kc5 74. Kf5 Kd4 75. Qe5+ Kc4 76. Kf4 Kb4
77. Qd5 Kc3 78. Ke3 Kb4 79. Kd4 Ka4 80. Qc5 Kb3 81. Qc4+ Kb2 82. Qc3+ Ka2 83.
Kc4 Kb1 84. Kb4 Ka2 85. Qb3+ Ka1 86. Qd1+ Ka2 87. Kc3 Ka3 88. Qb3# 1-0

[Event "Int. Stuttgarter Stadtmeisterschaft C"]
[Site "Ditzingen"]
[Date "2012.05.20"]
[Round "7.1"]
[White "Visvikis, Christos"]
[Black "Winterkorn, Nikolaus"]
[Result "1-0"]
[WhiteElo "1320"]
[BlackElo "1423"]
[PlyCount "83"]
[EventDate "2012.??.??"]

1. e4 d6 2. d4 h6 3. Bc4 Nf6 4. Nc3 Bd7 5. e5 dxe5 6. dxe5 Nh7 7. Bf4 e6 8. Nf3
Be7 9. Qd2 O-O 10. O-O-O Qe8 11. h4 a6 12. Rh3 b5 13. Bd3 Nc6 14. Bxh7+ Kxh7
15. Qxd7 Rc8 16. Qxe8 Rfxe8 17. Nd4 Nb4 18. a3 Nd5 19. Nxd5 exd5 20. Nf5 c6 21.
Rg3 g6 22. Nxe7 Rxe7 23. Rh1 Re6 24. Rf3 Rd8 25. Bg3 Rd7 26. Rf6 Rde7 27. Rxe6
Rxe6 28. Re1 Kg8 29. Bf4 h5 30. Bg5 Kf8 31. Bf6 Ke8 32. Re3 Kd7 33. Rf3 Ke8 34.
a4 Kd7 35. axb5 cxb5 36. Rd3 Kc6 37. Rc3+ Kd7 38. b4 Rc6 39. Rxc6 Kxc6 40. Kd2
d4 41. Kd3 Kd5 42. f3 1-0

[Event "Int. Stuttgarter Stadtmeisterschaft C"]
[Site "Ditzingen"]
[Date "2012.05.20"]
[Round "7.2"]
[White "Sax, Leon"]
[Black "Schröder, Oliver"]
[Result "0-1"]
[WhiteElo "1251"]
[BlackElo "1370"]
[PlyCount "106"]
[EventDate "2012.??.??"]

1. e4 e5 2. Bc4 Be7 3. Qh5 g6 4. Qxe5 Nf6 5. d3 O-O 6. Nc3 d6 7. Qg3 Nh5 8. Qf3
c6 9. Bh6 Ng7 10. O-O-O Bg5+ 11. Bxg5 Qxg5+ 12. Rd2 Be6 13. h4 Qe7 14. Bxe6
fxe6 15. Qg3 Nh5 16. Qg5 Qxg5 17. hxg5 Nd7 18. g3 Rf7 19. Nh3 Raf8 20. g4 Nf4
21. f3 Nxh3 22. Rxh3 Rxf3 23. Rxf3 Rxf3 24. Rg2 b5 25. Ne2 e5 26. d4 a5 27.
dxe5 dxe5 28. Nc3 Nc5 29. Re2 Rf4 30. Rd2 b4 31. Nd1 Nxe4 32. Rd8+ Rf8 33. Rd3
Nxg5 34. Re3 Re8 35. Nf2 Kf7 36. Nd3 e4 37. Nc5 Kf6 38. Nd3 Re7 39. Nf2 Ke5 40.
Kd2 Kf4 41. b3 Re6 42. Ke2 h6 43. Kd2 Nf3+ 44. Ke2 Ng1+ 45. Kd2 Rd6+ 46. Nd3+
exd3 47. cxd3 Kxg4 48. Re4+ Kf5 49. Ke3 Re6 50. Kd4 Nf3+ 51. Ke3 Ng5 52. Rxe6
Nxe6 53. Kf3 g5 0-1

[Event "Int. Stuttgarter Stadtmeisterschaft C"]
[Site "Ditzingen"]
[Date "2012.05.20"]
[Round "7.3"]
[White "Reuß, Tobias"]
[Black "Sandmeyer, Alexander"]
[Result "1-0"]
[WhiteElo "1277"]
[BlackElo "1182"]
[PlyCount "33"]
[EventDate "2012.??.??"]

1. d4 d5 2. e3 Bf5 3. Nf3 Nc6 4. Bd2 Nf6 5. Bb5 Qd7 6. Ne5 Qd6 7. c4 a6 8. c5
Qe6 9. Qa4 Rb8 10. Bxc6+ bxc6 11. Bc3 Ne4 12. b3 Rb5 13. Qxa6 Qc8 14. Qxc6+ Bd7
15. Qxd5 Nf6 16. Qxf7+ Kd8 17. Qc4 1-0

[Event "Int. Stuttgarter Stadtmeisterschaft C"]
[Site "Ditzingen"]
[Date "2012.05.20"]
[Round "7.4"]
[White "Udaykumar, Arunn Mark"]
[Black "Su, Kai"]
[Result "1/2-1/2"]
[WhiteElo "1253"]
[BlackElo "1375"]
[PlyCount "31"]
[EventDate "2012.??.??"]

1. e4 c5 2. Bc4 e6 3. Nf3 Nc6 4. Nc3 a6 5. O-O b5 6. Be2 Bb7 7. d4 cxd4 8. Nxd4
Bc5 9. Be3 Qb6 10. Nxc6 Bxe3 11. Ne5 Bd4 12. Nf3 Bxc3 13. bxc3 Bxe4 14. a4 Bc6
15. Qd6 Qb8 16. Qd4 1/2-1/2

[Event "Int. Stuttgarter Stadtmeisterschaft C"]
[Site "Ditzingen"]
[Date "2012.05.20"]
[Round "7.5"]
[White "Dietermann, Frank"]
[Black "Kleih, Julian"]
[Result "0-1"]
[WhiteElo "1432"]
[BlackElo "1335"]
[PlyCount "120"]
[EventDate "2012.??.??"]
[WhiteTeam "SC Grunbach"]
[BlackTeam "SV Dettingen Erms"]

1. b4 c6 2. Bb2 a5 3. a3 Qb6 4. c3 Nf6 5. d4 e6 6. Nd2 d5 7. Ngf3 Nbd7 8. e3 c5
9. c4 axb4 10. cxd5 Nxd5 11. Nc4 Qc7 12. dxc5 bxa3 13. Nd6+ Bxd6 14. cxd6 axb2
15. Rxa8 Qc3+ 16. Nd2 O-O 17. Bb5 Qb4 18. Bxd7 Nc3 19. Qc2 b1=Q+ 20. Nxb1 Nxb1+
21. Ke2 Nc3+ 22. Kf3 Bxd7 23. Rxf8+ Kxf8 24. Ra1 Bc6+ 25. Kg3 Qxd6+ 26. f4 Ne4+
27. Kh3 e5 28. g3 Qe6+ 29. Kg2 Ng5+ 30. Kf2 exf4 31. Ra8+ Ke7 32. Qc5+ Kf6 33.
Qd4+ Kg6 34. gxf4 Ne4+ 35. Ke2 Qg4+ 36. Kd3 Qd1+ 37. Kc4 Qc2+ 38. Kb4 Qb1+ 39.
Ka3 Qc1+ 40. Kb4 Qe1+ 41. Ka3 Qc3+ 42. Ka2 Qxd4 43. exd4 Nc3+ 44. Kb3 Nd5 45.
Ra1 Nxf4 46. Kc4 Nd5 47. Rg1+ Kh6 48. h4 Kh5 49. Rg5+ Kxh4 50. Rxd5 Bxd5+ 51.
Kxd5 f5 52. Ke5 Kg4 53. d5 f4 54. d6 f3 55. d7 f2 56. d8=Q f1=Q 57. Qd7+ Kh4
58. Qd5 Qf6+ 59. Ke4 Qg5 60. Qd6 Qg6+ 0-1

[Event "Int. Stuttgarter Stadtmeisterschaft C"]
[Site "Ditzingen"]
[Date "2012.05.20"]
[Round "7.6"]
[White "Castiglione, David"]
[Black "Thomas, Leonhard"]
[Result "0-1"]
[WhiteElo "1063"]
[BlackElo "1358"]
[PlyCount "138"]
[EventDate "2012.??.??"]

1. d4 d5 2. c4 Nf6 3. cxd5 Nxd5 4. e4 Nf6 5. Nc3 Nc6 6. Nf3 Bg4 7. Be3 e6 8. a3
Bxf3 9. gxf3 Be7 10. d5 exd5 11. Bb5 O-O 12. Bxc6 bxc6 13. Bg5 h6 14. Bh4 Re8
15. Rg1 Nh5 16. Bxe7 Rxe7 17. Qa4 Re6 18. O-O-O Qf6 19. Rd3 dxe4 20. Re3 exf3
21. Rxe6 Qxe6 22. Qh4 g6 23. Rd1 Qf6 24. Qe4 Qf4+ 25. Qxf4 Nxf4 26. Rd7 Ne6 27.
Ne4 Kg7 28. Nd2 Rd8 29. Rxd8 Nxd8 30. Nxf3 Ne6 31. b4 f6 32. Kd2 g5 33. Ke3 Kg6
34. Ke4 Nf4 35. Nd4 Nh3 36. Kf3 f5 37. Nxc6 Nf4 38. Ne7+ Kf6 39. Nc6 a6 40. a4
Nd5 41. b5 axb5 42. a5 b4 43. Ke2 Ke6 44. Kd3 Kd6 45. Nd4 Kc5 46. a6 Nf4+ 47.
Ke3 Kb6 48. a7 Kxa7 49. Nc6+ Kb6 50. Nxb4 c5 51. Nc2 Kb5 52. Ne1 Kb4 53. h4 Kb3
54. hxg5 hxg5 55. Nf3 Ng2+ 56. Kd2 g4 57. Ne5 c4 58. Ke2 Nf4+ 59. Ke3 Ng2+ 60.
Ke2 Nh4 61. Ke3 Nf3 62. Nc6 c3 63. Na5+ Kb4 64. Nc6+ Ka3 65. Kd3 Kb2 66. Nb4
Ne1+ 67. Ke2 c2 68. Kxe1 c1=Q+ 69. Ke2 Qc4+ 0-1

[Event "Int. Stuttgarter Stadtmeisterschaft C"]
[Site "Ditzingen"]
[Date "2012.05.20"]
[Round "7.8"]
[White "Dahm, Simon"]
[Black "Jelisavac, Nenad"]
[Result "1-0"]
[WhiteElo "1089"]
[BlackElo "1496"]
[PlyCount "70"]
[EventDate "2012.??.??"]

1. e4 e6 2. d4 d5 3. exd5 exd5 4. Nf3 Nf6 5. Be2 g6 6. Bg5 Be7 7. Bh6 Ne4 8.
Nbd2 Bf8 9. Bxf8 Kxf8 10. Ne5 Nf6 11. Ndf3 Nbd7 12. Qd2 Kg7 13. O-O Re8 14. Bb5
c6 15. Bd3 Qc7 16. Rfe1 c5 17. c3 c4 18. Bc2 b5 19. b3 Bb7 20. a4 a6 21. a5
Rac8 22. b4 Re7 23. Re2 Ne4 24. Bxe4 dxe4 25. Ng4 f5 26. Nh6 Nf6 27. Ne5 Nd5
28. Qg5 Rf8 29. Rc1 Qd6 30. h4 Nxc3 31. Rxc3 Qxd4 32. Qxe7+ Rf7 33. Qxf7+ Kxh6
34. Qf8+ Kh5 35. Ree3 Qxe5 1-0

[Event "Int. Stuttgarter Stadtmeisterschaft C"]
[Site "Ditzingen"]
[Date "2012.05.20"]
[Round "7.9"]
[White "Steller, Kilian"]
[Black "Griesche, Veit"]
[Result "0-1"]
[WhiteElo "782"]
[BlackElo "1291"]
[PlyCount "58"]
[EventDate "2012.??.??"]

1. e4 e5 2. Nf3 Nc6 3. Bc4 Nf6 4. Nc3 Bc5 5. O-O O-O 6. d3 d6 7. Be3 Bxe3 8.
fxe3 Bg4 9. h3 Bh5 10. Qe1 Na5 11. b3 Nxc4 12. bxc4 Qd7 13. Qg3 Bxf3 14. Rxf3
Rae8 15. Rxf6 Re6 16. Rxe6 Qxe6 17. Qg4 Qe8 18. d4 f6 19. dxe5 Qxe5 20. Qe2
Qxc3 21. Rb1 b6 22. Rb3 Qa1+ 23. Qf1 Qxa2 24. Qe2 Qa1+ 25. Kf2 f5 26. exf5
Rxf5+ 27. Kg3 Qe5+ 28. Kg4 Rg5+ 29. Kh4 Qg3# 0-1

[Event "Int. Stuttgarter Stadtmeisterschaft C"]
[Site "Ditzingen"]
[Date "2012.05.20"]
[Round "7.10"]
[White "Klein, Werner"]
[Black "Günay, Nuri"]
[Result "0-1"]
[WhiteElo "1070"]
[BlackElo "1178"]
[PlyCount "64"]
[EventDate "2012.??.??"]

1. e4 e6 2. d4 d5 3. exd5 exd5 4. Nf3 Nf6 5. Bd3 Be7 6. O-O Bg4 7. Be3 O-O 8.
Nbd2 Nbd7 9. b3 Rc8 10. c4 h6 11. Re1 c6 12. Qc2 Qc7 13. h3 Bh5 14. Bxh6 Bb4
15. Bg5 Bxf3 16. Bxf6 Nxf6 17. a3 Bxd2 18. Qxd2 Be4 19. Re3 Rfe8 20. Rae1 Bxd3
21. Qxd3 Rxe3 22. Rxe3 Re8 23. Rxe8+ Nxe8 24. Qe3 Nf6 25. f3 dxc4 26. bxc4 Qd6
27. d5 cxd5 28. cxd5 b6 29. a4 Qxd5 30. Kh2 Qa5 31. Qd4 Qd5 32. a5 Qxd4 0-1

[Event "Int. Stuttgarter Stadtmeisterschaft C"]
[Site "Ditzingen"]
[Date "2012.05.20"]
[Round "7.11"]
[White "Reichmann, Bernd"]
[Black "Langen, Oliver"]
[Result "1-0"]
[WhiteElo "1191"]
[BlackElo "1060"]
[PlyCount "73"]
[EventDate "2012.??.??"]

1. e4 e5 2. Nf3 Nc6 3. Bb5 a6 4. Bxc6 dxc6 5. h3 Nf6 6. O-O Bd6 7. Nc3 O-O 8.
d3 h6 9. a3 c5 10. Re1 Re8 11. Be3 b5 12. Ne2 Be6 13. Qc1 c4 14. Ng3 cxd3 15.
cxd3 c5 16. Rd1 Rc8 17. Qb1 Qb6 18. Qc1 Red8 19. Bxh6 g6 20. Qg5 Be7 21. Nxe5
Ng4 22. Qxe7 Nxh6 23. Qf6 Rd6 24. Nxg6 fxg6 25. Qxg6+ Kf8 26. Qxh6+ Ke8 27.
Qh5+ Kd7 28. Nf5 Bxf5 29. Qxf5+ Kc7 30. e5 Rg6 31. Re1 Qc6 32. f3 Rcg8 33. Re2
Rg5 34. Qf4 Qe6 35. Kh2 Qg6 36. e6+ Kc6 37. Qe4+ 1-0

[Event "Int. Stuttgarter Stadtmeisterschaft C"]
[Site "Ditzingen"]
[Date "2012.05.20"]
[Round "7.12"]
[White "Stegmiller, Dennis"]
[Black "Spasovski, Dusan"]
[Result "1/2-1/2"]
[WhiteElo "1180"]
[BlackElo "1038"]
[PlyCount "38"]
[EventDate "2012.??.??"]

1. c4 e5 2. Nc3 Nf6 3. e3 Nc6 4. d4 exd4 5. exd4 Bb4 6. Bd2 O-O 7. Nf3 Re8+ 8.
Be2 Ne4 9. Qc2 Nxd2 10. Qxd2 a6 11. a3 Ba5 12. b4 Bb6 13. c5 Ba7 14. O-O d5 15.
Bd3 Ne7 16. Ng5 Ng6 17. Rfe1 Bd7 18. Rxe8+ Bxe8 19. Nf3 c6 1/2-1/2

[Event "Int. Stuttgarter Stadtmeisterschaft C"]
[Site "Ditzingen"]
[Date "2012.05.20"]
[Round "7.13"]
[White "Giebler, Kai"]
[Black "Zacke, Tamara"]
[Result "1/2-1/2"]
[WhiteElo "1138"]
[BlackElo "982"]
[PlyCount "66"]
[EventDate "2012.??.??"]
[WhiteTeam "TSF Ditzingen"]
[BlackTeam "SV Stuttgart-Wolfbusch 1956 e.V."]

1. e4 e5 2. Nf3 Nc6 3. Nc3 Bc5 4. Bb5 Nge7 5. O-O d6 6. d3 O-O 7. Be3 Bb6 8.
Qd2 f5 9. Nd5 f4 10. Bxb6 axb6 11. c3 Bg4 12. Qe2 Ng6 13. Kh1 Nh4 14. Rg1 Ne7
15. Bc4 Nxd5 16. Bxd5+ Kh8 17. Bxb7 Rb8 18. Bc6 Rf6 19. Rad1 Rg6 20. d4 Qf6 21.
Rd3 Bxf3 22. gxf3 Rxg1+ 23. Kxg1 Qg6+ 24. Kf1 Qg2+ 25. Ke1 Qxh2 26. Qd2 Qh1+
27. Ke2 exd4 28. cxd4 Rd8 29. Qc3 Qh3 30. e5 Qe6 31. b3 d5 32. b4 g5 33. b5 g4
1/2-1/2

[Event "Int. Stuttgarter Stadtmeisterschaft C"]
[Site "Ditzingen"]
[Date "2012.05.20"]
[Round "7.15"]
[White "Dallinger, Frank"]
[Black "Stecher, Oliver"]
[Result "1/2-1/2"]
[WhiteElo "1025"]
[BlackElo "1126"]
[PlyCount "24"]
[EventDate "2012.??.??"]

1. e4 e5 2. Nf3 Nc6 3. d4 d6 4. Nc3 Bg4 5. d5 Nd4 6. Be3 Nf6 7. Bxd4 exd4 8.
Qxd4 Bxf3 9. gxf3 Qe7 10. Bb5+ Nd7 11. O-O-O a6 12. Bxd7+ Qxd7 1/2-1/2

[Event "Int. Stuttgarter Stadtmeisterschaft C"]
[Site "Ditzingen"]
[Date "2012.05.20"]
[Round "7.16"]
[White "Kiroglu, Cihan"]
[Black "Kreuzhage, Laura"]
[Result "1/2-1/2"]
[WhiteElo "969"]
[BlackElo "1013"]
[PlyCount "83"]
[EventDate "2012.??.??"]
[WhiteTeam "SG Schramberg-Lauterbach"]
[BlackTeam "SK Schmiden/Cannstatt"]

1. e4 d5 2. Nc3 d4 3. Nb1 e5 4. Bc4 Nf6 5. Qf3 Bg4 6. Qg3 Nc6 7. Qb3 Bh5 8.
Qxb7 Ne7 9. Bb5+ Nd7 10. Bxd7+ Kxd7 11. Qb5+ Nc6 12. Qd5+ Bd6 13. f3 Qf6 14. d3
Rab8 15. Qc4 Qe6 16. Qxe6+ Kxe6 17. g4 Bg6 18. h4 h6 19. Nh3 Bh7 20. g5 Nb4 21.
Na3 Bg8 22. O-O f6 23. g6 Nc6 24. f4 Ke7 25. Kg2 Be6 26. Nc4 exf4 27. Nxd6 cxd6
28. Nxf4 Bd7 29. Nh5 Rhg8 30. Nf4 Ke8 31. Rf2 Ne5 32. b3 Kd8 33. Bb2 Nc6 34. a3
Bg4 35. Kf1 Kc8 36. Rg2 h5 37. Nd5 Bh3 38. Nf4 Bxg2+ 39. Kxg2 Rh8 40. Ne6 Rh6
41. Nf4 a5 42. Kf3 1/2-1/2

[Event "Int. Stuttgarter Stadtmeisterschaft C"]
[Site "Ditzingen"]
[Date "2012.05.20"]
[Round "7.17"]
[White "Rümmele, Tobias"]
[Black "Reichardt, Julius"]
[Result "1-0"]
[WhiteElo "1418"]
[BlackElo "885"]
[PlyCount "45"]
[EventDate "2012.??.??"]

1. Nf3 d5 2. g3 Nf6 3. Bg2 e6 4. O-O Be7 5. b3 O-O 6. Bb2 Bd7 7. d4 c5 8. Re1
Nc6 9. Nbd2 b6 10. e4 dxe4 11. Nxe4 Nxe4 12. Rxe4 f6 13. Qe1 f5 14. Rxe6 Bxe6
15. Qxe6+ Rf7 16. Qxc6 Rf6 17. Qb5 Qe8 18. Qxe8+ Rxe8 19. dxc5 Rc6 20. Ba3 bxc5
21. Ne5 Rcc8 22. Bd5+ Kf8 23. Nd7# 1-0

[Event "Int. Stuttgarter Stadtmeisterschaft C"]
[Site "Ditzingen"]
[Date "2012.05.20"]
[Round "7.18"]
[White "Baumann, Sonja"]
[Black "Erben, Katrin"]
[Result "0-1"]
[WhiteElo "1064"]
[BlackElo "1234"]
[PlyCount "38"]
[EventDate "2012.??.??"]
[WhiteTeam "SV Stuttgart-Wolfbusch 1956 e.V."]
[BlackTeam "SV Stuttgart-Wolfbusch 1956 e.V."]

1. e3 e6 2. e4 e5 3. Nf3 Nc6 4. Ng1 Nb8 5. Nf3 Nc6 6. Bc4 Nf6 7. d3 Ng8 8. Ng1
Bc5 9. Nf3 d6 10. Ng1 Nb8 11. Nf3 Bg4 12. Nc3 Nc6 13. Bd2 Nf6 14. O-O O-O 15.
Be3 Bb6 16. b4 Nxb4 17. Rb1 Nc6 18. Bxb6 axb6 19. Re1 Na5 0-1

[Event "Int. Stuttgarter Stadtmeisterschaft C"]
[Site "Ditzingen"]
[Date "2012.05.20"]
[Round "7.22"]
[White "Günther, Niclas"]
[Black "Lemke, Maximilian"]
[Result "0-1"]
[WhiteElo "762"]
[BlackElo "835"]
[PlyCount "46"]
[EventDate "2012.??.??"]

1. b4 e5 2. c3 Nc6 3. b5 Na5 4. e4 d5 5. d4 dxe4 6. dxe5 Qxd1+ 7. Kxd1 Bg4+ 8.
f3 exf3 9. gxf3 O-O-O+ 10. Ke2 Bf5 11. Bg5 Nf6 12. Na3 Bxa3 13. Bh3 Bxh3 14.
Nxh3 Rhe8 15. Rhd1 Rxe5+ 16. Kf2 Bc5+ 17. Kg2 Re2+ 18. Kg3 Bd6+ 19. Bf4 Nh5+
20. Kh4 Nxf4 21. Kg4 Rg2+ 22. Kh4 Be7+ 23. Ng5 Bxg5# 0-1

[Event "Int. Stuttgarter Stadtmeisterschaft C"]
[Site "Ditzingen"]
[Date "2012.05.20"]
[Round "7.24"]
[White "Visvikis, Kassandra"]
[Black "Mackeprang, Jelena"]
[Result "0-1"]
[WhiteElo "763"]
[BlackElo "949"]
[PlyCount "60"]
[EventDate "2012.??.??"]
[WhiteTeam "SK Villingen"]
[BlackTeam "SK Schmiden/Cannstatt"]

1. e4 e5 2. Nf3 Nc6 3. Nc3 Nf6 4. Bb5 d6 5. Bxc6+ bxc6 6. d3 Bg4 7. d4 Bxf3 8.
Qxf3 exd4 9. Ne2 d5 10. exd5 cxd5 11. Nxd4 Bd6 12. Nc6 Qd7 13. Qe3+ Qe6 14. Nd4
Qxe3+ 15. Bxe3 Rb8 16. Nc6 Rxb2 17. Nxa7 Rxc2 18. Nc8 Bb4+ 19. Kd1 Rc6 20. Re1
Bxe1 21. Kxe1 Re6 22. Rb1 O-O 23. Na7 d4 24. Nb5 dxe3 25. Nxc7 exf2+ 26. Kxf2
Rc6 27. Nb5 Rc2+ 28. Ke1 Rxa2 29. Nc3 Rxg2 30. h3 Rg3 0-1